Emotion, cognition and representation
Αποθηκεύτηκε σε:
| Άλλοι συγγραφείς: | , |
|---|---|
| Μορφή: | Βιβλίο |
| Γλώσσα: | English |
| Δημοσίευση: |
New York :
University Press,
1995
|
| Σειρά: | Rochester Symposium on Developmental Psychopathology ;
; 6 |
| Θέματα: | |
| Ετικέτες: |
Προσθήκη ετικέτας
Δεν υπάρχουν, Καταχωρήστε ετικέτα πρώτοι!
|
MARC
| LEADER | 00000nam a2200000 i 4500 | ||
|---|---|---|---|
| 001 | 1/6066 | ||
| 008 | 000609s1995 eng d | ||
| 020 | |a 1-878822-49-7 | ||
| 035 | |l 10061804 | ||
| 040 | |a GR-MY-UA |b gre |e aacr | ||
| 041 | 0 | |a eng | |
| 082 | 0 | |a 155.4 | |
| 245 | 1 | 0 | |a Emotion, cognition and representation / |c edited by Dante Cicchetti, Sheere L. Toth |
| 260 | |a New York : |b University Press, |c 1995 | ||
| 300 | |a 437 p. | ||
| 490 | 1 | |a Rochester Symposium on Developmental Psychopathology |v ; 6 | |
| 650 | 0 | 0 | |a Schemas (Psychology) in children |x Congresses. |
| 650 | 0 | 0 | |a Emotions in children |x Congresses. |
| 650 | 0 | 0 | |a Cognition in children |x Congresses. |
| 650 | 0 | 0 | |a Attachment behavior in children |x Congresses. |
| 650 | 0 | 0 | |a Mental representation in children |x Congresses. |
| 650 | 0 | 0 | |a Cognition disorders in children |x Congresses. |
| 650 | 0 | 0 | |a Child psychopathology |x Congresses. |
| 700 | 1 | |a Cicchetti, Dante. |4 edt | |
| 700 | 1 | |a Toth, Sheere L. |4 edt | |
| 830 | 0 | |a Rochester Symposium on Developmental Psychopathology ; |v ; 6 | |
| 852 | |a INST |b RHODES |e 20000609 |h 155.4 EMO |p 005400017633 |q 005400017633 |t BK |y 0 | ||
| 901 | |a BIBL4-2000-2 | ||
| 909 | |a Ρ |b 080232 | ||
| 922 | |a 4ΕΛΗ |b 200004 |c ΚΠΣ/154 |d GLORY BOOKS | ||
| 970 | |a ΚΟΥΛΑΚΙΟΤΗ |b ΛΙΤΣΑ |z 2000/06/09 | ||